Countries Furthest from Catalonia - Statistics

General Stats
  • This quiz has been taken 36 times
  • The average score is 16 of 20
Answer Stats
Km Answer % Correct
13.294 Australia
100%
18.740 New Zealand
94%
17.038 Fiji
88%
13.932 Papua New Guinea
88%
12.774 Federated States of Micronesia
82%
10.716 Philippines
82%
15.857 Tuvalu
82%
16.434 Vanuatu
79%
11.347 Brunei
76%
14.402 Kiribati
76%
16.676 Samoa
76%
13.249 East Timor
74%
13.509 Marshall Islands
74%
15.119 Nauru
74%
10.755 Singapore
74%
17.268 Tonga
74%
12.564 Palau
71%
15.239 Solomon Islands
71%
10.071 Malaysia
65%
10.196 Taiwan
62%
No matching quizzes found
Score Distribution
Percent of People with Each Score
Percentile by Number Answered
Your Score History
You have not taken this quiz